000 00565nam a2200181 i 4500
001 40121
003 ES-MaACL
005 20230906160139.0
007 t|
008 030305s1928 ag ||||1| spa d
100 1 _aCárcamo, Roberto.
_935093
245 1 0 _aHa desaparecido una gloria española, el doctor José R. Carracido /
_cpor Roberto Cárcamo.
260 _aBuenos Aires :
_bTomás Palumbo,
_c1928.
300 _a10 p. ;
_c25 cm.
600 1 4 _aRodríguez Carracido, José,
_d1856-1928
_998407
852 _aES-MaACL
_j1725-F-5
999 _c40121
_d40121